<?xml version="1.0" encoding="UTF-8"?>
<record
    xmlns:xsi="http://www.w3.org/2001/XMLSchema-instance"
    xsi:schemaLocation="http://www.loc.gov/MARC21/slim http://www.loc.gov/standards/marcxml/schema/MARC21slim.xsd"
    xmlns="http://www.loc.gov/MARC21/slim">

  <leader>01536nam a2200241Ia 4500</leader>
  <datafield tag="999" ind1=" " ind2=" ">
    <subfield code="c">50070</subfield>
    <subfield code="d">50070</subfield>
  </datafield>
  <controlfield tag="001">17008</controlfield>
  <controlfield tag="003">GE_BSU</controlfield>
  <controlfield tag="005">20200203143041.0</controlfield>
  <controlfield tag="008">181216s2015ge  xx |||||||||||||| ||geo||</controlfield>
  <datafield tag="020" ind1=" " ind2=" ">
    <subfield code="a">9789941225772</subfield>
  </datafield>
  <datafield tag="040" ind1=" " ind2=" ">
    <subfield code="c">GE_BSU</subfield>
  </datafield>
  <datafield tag="041" ind1=" " ind2=" ">
    <subfield code="a">geo</subfield>
  </datafield>
  <datafield tag="080" ind1=" " ind2=" ">
    <subfield code="a">070  &#x10E1;-26</subfield>
  </datafield>
  <datafield tag="100" ind1=" " ind2=" ">
    <subfield code="a">&#x10E1;&#x10D0;&#x10DC;&#x10D8;&#x10D9;&#x10D8;&#x10EB;&#x10D4;,&#x10D8;&#x10DD;&#x10E1;&#x10D4;&#x10D1;</subfield>
    <subfield code="9">6700</subfield>
  </datafield>
  <datafield tag="245" ind1=" " ind2=" ">
    <subfield code="a">&#x10DF;&#x10E3;&#x10E0;&#x10DC;&#x10D0;&#x10DA;&#x10D8;&#x10E1;&#x10E2;&#x10D8;&#x10D9;&#x10D8;&#x10E1; &#x10D7;&#x10D4;&#x10DD;&#x10E0;&#x10D8;&#x10D8;&#x10E1; &#x10E4;&#x10DD;&#x10E0;&#x10DB;&#x10DD;&#x10D1;&#x10E0;&#x10D8;&#x10D5;&#x10D8; &#x10D3;&#x10D0; &#x10E8;&#x10D8;&#x10DC;&#x10D0;&#x10D0;&#x10E0;&#x10E1;&#x10DD;&#x10D1;&#x10E0;&#x10D8;&#x10D5;&#x10D8; &#x10E1;&#x10D0;&#x10E4;&#x10E3;&#x10EB;&#x10D5;&#x10DA;&#x10D4;&#x10D1;&#x10D8; :     /</subfield>
    <subfield code="c">&#x10D8;&#x10DD;&#x10E1;&#x10D4;&#x10D1;  &#x10E1;&#x10D0;&#x10DC;&#x10D8;&#x10D9;&#x10D8;&#x10EB;&#x10D4; ;  &#x10E0;&#x10D4;&#x10D3;. &#x10D7;&#x10D4;&#x10DB;&#x10E3;&#x10E0; &#x10EF;&#x10D0;&#x10D2;&#x10DD;&#x10D3;&#x10DC;&#x10D8;&#x10E8;&#x10D5;&#x10D8;&#x10DA;&#x10D8;.</subfield>
  </datafield>
  <datafield tag="264" ind1=" " ind2=" ">
    <subfield code="a">&#x10D7;&#x10D1;&#x10D8;&#x10DA;&#x10D8;&#x10E1;&#x10D8; :</subfield>
    <subfield code="b">&#x10E3;&#x10DC;&#x10D8;&#x10D5;&#x10D4;&#x10E0;&#x10E1;&#x10D0;&#x10DA;&#x10D8;,</subfield>
    <subfield code="c">2015.</subfield>
  </datafield>
  <datafield tag="300" ind1=" " ind2=" ">
    <subfield code="a">442 &#x10D2;&#x10D5; ;</subfield>
    <subfield code="c">21 &#x10E1;&#x10DB;.</subfield>
  </datafield>
  <datafield tag="653" ind1=" " ind2=" ">
    <subfield code="a">&#x10D7;&#x10D0;&#x10DC;&#x10D0;&#x10DB;&#x10D4;&#x10D3;&#x10E0;&#x10DD;&#x10D5;&#x10D4; &#x10DF;&#x10E3;&#x10E0;&#x10DC;&#x10D0;&#x10DA;&#x10D8;&#x10E1;&#x10E2;&#x10D8;&#x10D9;&#x10D8;&#x10E1; &#x10D7;&#x10D4;&#x10DD;&#x10E0;&#x10D8;&#x10E3;&#x10DA;&#x10D8; &#x10E1;&#x10D0;&#x10D9;&#x10D8;&#x10D7;&#x10EE;&#x10D4;&#x10D1;&#x10D8;,&#x10D9;&#x10DD;&#x10DB;&#x10E3;&#x10DC;&#x10D8;&#x10D9;&#x10D0;&#x10EA;&#x10D8;&#x10D8;&#x10E1; &#x10D4;&#x10E0;&#x10D7;-&#x10D4;&#x10E0;&#x10D7;&#x10D8; &#x10E3;&#x10DB;&#x10D7;&#x10D0;&#x10D5;&#x10E0;&#x10D4;&#x10E1;&#x10D8; &#x10D4;&#x10DA;&#x10D4;&#x10DB;&#x10D4;&#x10DC;&#x10E2;&#x10D8;&#x10E1;-&#x10DB;&#x10D4;&#x10D3;&#x10D8;&#x10D0;&#x10E2;&#x10D4;&#x10E5;&#x10E1;&#x10E2;&#x10D8;&#x10E1; &#x10E4;&#x10DD;&#x10E0;&#x10DB;&#x10DD;&#x10D1;&#x10E0;&#x10D8;&#x10D5;-&#x10DF;&#x10D0;&#x10DC;&#x10E0;&#x10DD;&#x10D1;&#x10E0;&#x10D8;&#x10D5;&#x10D8; &#x10DC;&#x10D8;&#x10E8;&#x10D0;&#x10DC;-&#x10D7;&#x10D5;&#x10D8;&#x10E1;&#x10D4;&#x10D1;&#x10D4;&#x10D1;&#x10D8;.</subfield>
  </datafield>
  <datafield tag="653" ind1=" " ind2=" ">
    <subfield code="a">&#x10DF;&#x10E3;&#x10E0;&#x10DC;&#x10D0;&#x10DA;&#x10D8;&#x10E1;&#x10E2;&#x10D8;&#x10D9;&#x10D0;</subfield>
  </datafield>
  <datafield tag="653" ind1=" " ind2=" ">
    <subfield code="a">&#x10DF;&#x10E3;&#x10E0;&#x10DC;&#x10D0;&#x10DA;&#x10D8;&#x10E1;&#x10E2;&#x10D8;&#x10D9;&#x10D8;&#x10E1; &#x10D7;&#x10D4;&#x10DD;&#x10E0;&#x10D8;&#x10D8;&#x10E1; &#x10E4;&#x10DD;&#x10E0;&#x10DB;&#x10DD;&#x10D1;&#x10E0;&#x10D8;&#x10D5;&#x10D8; &#x10D3;&#x10D0; &#x10E8;&#x10D8;&#x10DC;&#x10D0;&#x10D0;&#x10E0;&#x10E1;&#x10DD;&#x10D1;&#x10E0;&#x10D8;&#x10D5;&#x10D8; &#x10E1;&#x10D0;&#x10E4;&#x10E3;&#x10EB;&#x10D5;&#x10DA;&#x10D4;&#x10D1;&#x10D8;</subfield>
  </datafield>
  <datafield tag="700" ind1=" " ind2=" ">
    <subfield code="a"> &#x10EF;&#x10D0;&#x10D2;&#x10DD;&#x10D3;&#x10DC;&#x10D8;&#x10E8;&#x10D5;&#x10D8;&#x10DA;&#x10D8;, &#x10D7;&#x10D4;&#x10DB;&#x10E3;&#x10E0; </subfield>
    <subfield code="e">&#x10E0;&#x10D4;&#x10D3;&#x10D0;&#x10E5;&#x10E2;&#x10DD;&#x10E0;&#x10D8;</subfield>
    <subfield code="9">6701</subfield>
  </datafield>
  <datafield tag="942" ind1=" " ind2=" ">
    <subfield code="c">BK</subfield>
    <subfield code="2">udc</subfield>
  </datafield>
  <datafield tag="952" ind1=" " ind2=" ">
    <subfield code="0">0</subfield>
    <subfield code="1">0</subfield>
    <subfield code="2">udc</subfield>
    <subfield code="4">0</subfield>
    <subfield code="6">070_&#x10E1;26</subfield>
    <subfield code="7">0</subfield>
    <subfield code="9">68122</subfield>
    <subfield code="a">CPL</subfield>
    <subfield code="b">CPL</subfield>
    <subfield code="c">GEN</subfield>
    <subfield code="d">2018-12-17</subfield>
    <subfield code="o">070  &#x10E1;-26</subfield>
    <subfield code="p">45203</subfield>
    <subfield code="r">2018-12-17</subfield>
    <subfield code="t">45203</subfield>
    <subfield code="w">2018-12-17</subfield>
    <subfield code="y">BK</subfield>
  </datafield>
  <datafield tag="952" ind1=" " ind2=" ">
    <subfield code="0">0</subfield>
    <subfield code="1">0</subfield>
    <subfield code="2">udc</subfield>
    <subfield code="4">0</subfield>
    <subfield code="6">070_&#x10E1;26</subfield>
    <subfield code="7">0</subfield>
    <subfield code="9">68123</subfield>
    <subfield code="a">CPL</subfield>
    <subfield code="b">CPL</subfield>
    <subfield code="c">GEN</subfield>
    <subfield code="d">2018-12-17</subfield>
    <subfield code="o">070  &#x10E1;-26</subfield>
    <subfield code="p">45204</subfield>
    <subfield code="r">2018-12-17</subfield>
    <subfield code="t">45204</subfield>
    <subfield code="w">2018-12-17</subfield>
    <subfield code="y">BK</subfield>
  </datafield>
  <datafield tag="952" ind1=" " ind2=" ">
    <subfield code="0">0</subfield>
    <subfield code="1">0</subfield>
    <subfield code="2">udc</subfield>
    <subfield code="4">0</subfield>
    <subfield code="6">070_&#x10E1;26</subfield>
    <subfield code="7">0</subfield>
    <subfield code="9">68124</subfield>
    <subfield code="a">CPL</subfield>
    <subfield code="b">CPL</subfield>
    <subfield code="c">GEN</subfield>
    <subfield code="d">2018-12-17</subfield>
    <subfield code="o">070  &#x10E1;-26</subfield>
    <subfield code="p">45205</subfield>
    <subfield code="r">2018-12-17</subfield>
    <subfield code="t">45205</subfield>
    <subfield code="w">2018-12-17</subfield>
    <subfield code="y">BK</subfield>
  </datafield>
  <datafield tag="952" ind1=" " ind2=" ">
    <subfield code="0">0</subfield>
    <subfield code="1">0</subfield>
    <subfield code="2">udc</subfield>
    <subfield code="4">0</subfield>
    <subfield code="6">070_&#x10E1;26</subfield>
    <subfield code="7">0</subfield>
    <subfield code="9">101890</subfield>
    <subfield code="a">CPL</subfield>
    <subfield code="b">CPL</subfield>
    <subfield code="c">GEN</subfield>
    <subfield code="d">2025-01-27</subfield>
    <subfield code="g">10.00</subfield>
    <subfield code="o">070  &#x10E1;-26</subfield>
    <subfield code="p">70445</subfield>
    <subfield code="r">2025-01-27</subfield>
    <subfield code="t">70445</subfield>
    <subfield code="u">&#x10DC;&#x10D0;&#x10E9;&#x10E3;&#x10E5;&#x10D0;&#x10E0;&#x10D8;</subfield>
    <subfield code="w">2025-01-27</subfield>
    <subfield code="y">BK</subfield>
    <subfield code="z">10.00</subfield>
  </datafield>
</record>
